| 000 | 01088nam a2200253Ia 4500 | ||
|---|---|---|---|
| 003 | OSt | ||
| 005 | 20200908123754.0 | ||
| 008 | 191128s1999 ck a fr 000 0 spa d | ||
| 040 |
_aCO-JMCR _cCO-JMCR |
||
| 041 | 0 | _aspa | |
| 082 | 0 | 4 |
_a363.32 / _bT966s _223 |
| 100 | 1 |
_aTuta Alarcón, Carlos, _eautor _99943 |
|
| 245 | 1 | 0 |
_aSoluciones negociadas a los conflictos armados internos de Centroamérica / _cCarlos Tuta Alarcón |
| 250 | _aPrimera edición | ||
| 260 |
_aBogotá : _bUniversidad Autónoma de Colombia, _c1999 |
||
| 300 |
_a128 páginas : _bilustraciones a blanco y negro ; _c23 cm. |
||
| 490 | 0 | _aEnsayos | |
| 504 | _aBibliografía: páginas 121-127 | ||
| 505 | 0 | _aAgotamiento del autoritarismo y crisis Centroamericana -- Autoritarismo y dependencia -- La revolución sandinista da comienzo a la democratización -- La intervención Norteamericana y formación del grupo de contadora | |
| 650 | 1 | 4 |
_aPaz _zAmérica Central _99944 |
| 650 | 1 | 4 |
_aConflictos armados _zAmérica Central _99945 |
| 650 | 1 | 4 |
_aSolución de conflictos _zAmérica Central _99946 |
| 942 |
_2ddc _cBK |
||
| 999 |
_c4996 _d4996 |
||